[Event "Perth op"]
[Site "Perth"]
[Date "2023.01.07"]
[Round "8"]
[White "Can, Ryan"]
[Black "McAteer, Ian"]
[Result "1-0"]
[WhiteElo "1658"]
[BlackElo "1605"]
[PlyCount "45"]
[EventDate "2023.01.02"]
[EventType "swiss"]
[EventRounds "11"]
[EventCountry "AUS"]
[SourceTitle "CBM 212 Extra"]
[Source "ChessBase"]
[SourceDate "2023.03.31"]
[SourceVersion "1"]
[SourceVersionDate "2023.03.31"]
[SourceQuality "1"]

1. d4 f5 2. Bg5 h6 3. Bh4 g5 4. e3 Nf6 5. Bg3 Bg7 6. Nc3 d6 7. Bc4 Nc6 8. h4 g4 9. Nge2 Na5 10. Bd3 0-0 11. Qd2 Nc6 12. 0-0-0 Nh5 13. f3 Nxg3 14. Nxg3 f4 15. Nh5 e5 16. Bc4+ Kh8 17. Nxg7 Kxg7 18. dxe5 fxe3 19. Qxe3 Nxe5 20. Bb3 g3 21. Ne4 Bf5 22. Nxg3 Qf6 23. Nh5+ 1-0